Kľúčové zmeny koncepcie Európy v politike a jazyku
Myšlienka prepojenia s politickou slobodou vznikla už v 5. storočí pred naším letopočtom v starovekom Grécku. Kresťanstvo a kresťanský svet ako synonymum Európy prevládol najmä v stredoveku. 19. storočie dostalo koncepciu Európy do popredia a stala sa jednou z ústredných tém európskych mysliteľov. I...
Gespeichert in:
| 1. Verfasser: | |
|---|---|
| Format: | Buchkapitel |
| Sprache: | Slowakisch |
| Schlagworte: | |
| Tags: |
Keine Tags, Fügen Sie das erste Tag hinzu!
|
MARC
| LEADER | 00000naa$a2200000$$$4500 | ||
|---|---|---|---|
| 001 | 0237615 | ||
| 005 | 20240502073835.3 | ||
| 041 | 0 | |a slo | |
| 044 | |a SK | ||
| 245 | 1 | 0 | |a Kľúčové zmeny koncepcie Európy v politike a jazyku |c Tatiana Hrivíková |
| 520 | |a Myšlienka prepojenia s politickou slobodou vznikla už v 5. storočí pred naším letopočtom v starovekom Grécku. Kresťanstvo a kresťanský svet ako synonymum Európy prevládol najmä v stredoveku. 19. storočie dostalo koncepciu Európy do popredia a stala sa jednou z ústredných tém európskych mysliteľov. Ideál slobody a kresťansta sa stali zdrojom hrdosti a civilizácia sa stala synonymom budúcnosti a pokroku. Popri politike, mocenských zápasoch a ideológii mal na vývoj koncepcie Európy veľký vplyv aj jazyk. | ||
| 610 | 2 | 0 | |a civilizácia |
| 610 | 2 | 0 | |a kresťanstvo |
| 610 | 2 | 0 | |a pokrok |
| 610 | 2 | 0 | |a história |
| 610 | 2 | 0 | |a sloboda |
| 610 | 2 | 0 | |a jazyky cudzie |
| 610 | 2 | 0 | |a francúzština |
| 610 | 2 | 0 | |a angličtina |
| 610 | 2 | 0 | |a Európa |
| 100 | 1 | |a Hrivíková, Tatiana, 1959- | |